Diario de duelo: 26 de octubre de 1977-15 de septiembre de 1979

Enregistré dans:
Détails bibliographiques
Auteur principal: Barthes, Roland (Auteur)
Format: Livre
Langue:espagnol
Publié: Ciudad de México Siglo Veintiuno 2009
Collection:Teoría
Sujets:
Tags: Ajouter un tag
Pas de tags, Soyez le premier à ajouter un tag!

MARC

LEADER 00000nam a2200000 a 4500
001 UCH8936
003 CL-VaPUC
008 091217e20090000MX |||||||||||||||||spa|d
020 |a 9786070300721 
082 0 4 |a 848  |b BAR  |2 21 
100 |a Barthes, Roland  |e author  |9 265510 
245 1 0 |a Diario de duelo: 26 de octubre de 1977-15 de septiembre de 1979 
300 |a 273 p 
942 |c BK 
945 |d 20091217 00:00:00  |a rbrito 
260 |a Ciudad de México  |b Siglo Veintiuno  |c 2009 
650 7 |a DIARIOS INTIMOS  |2 CL-VaPUC  |9 265378 
650 0 |a Autobiografías   |9 265171 
650 0 |a Diarios de vida  |9 466232 
583 |a last modification  |c 20091217 00:00:00  |k Rodrigo Vera 
490 0 |a Teoría 
999 |c 339017  |d 339015 
952 |0 0  |1 0  |4 0  |6 848_000000000000000_BAR_2009  |7 0  |8 A  |9 432370  |a BIBEDU  |b BIBEDU  |d 2019-11-22  |i 4626281  |o 848 BAR 2009  |p 4626281  |r 2019-11-22  |w 2019-11-22  |y BK  |k LIT